| 000 | 00542nam a22001817a 4500 | ||
|---|---|---|---|
| 003 | OSt | ||
| 005 | 20220922221453.0 | ||
| 008 | 220922b |||||||| |||| 00| 0 eng d | ||
| 020 | _a0-86581-612-3 | ||
| 040 | _cBiblioteca Lado V | ||
| 082 |
_a750 _bB528h |
||
| 100 |
_aBerni, Antonio _eautor |
||
| 245 | _aThe Harbingers of Expansión in Latin American Printing/ | ||
| 260 |
_aSan Juan, Puerto Rico _bICP _c1981 |
||
| 300 |
_a139p. _c22x28cm |
||
| 700 |
_aGonzalez, Beatriz _ecoautora |
||
| 942 |
_2ddc _c1 _h750 _iB528h _n0 |
||
| 999 |
_c2125 _d2125 |
||